Hydatid cyst of the liver

Bibliographic Details
Main Author: Matossian, R. (Author)
Format: Article
Language:Slovak
PhysicalDescription:Obr. 1. Res. rus., nem., slov., lit. 52 zázn. v angl.
Subjects:

MARC

LEADER 00000nab a2200000 a 4500
001 vtls000268823
003 SK-MaSNL
005 20260304064143.0
008 250422c1986 xo 0 slo
015 |a SNBRB19rr/mm-uuuuu 
035 |a CL0278937 
035 |a urn:nbn:sk:snk-ab331g 
035 |a (urnnbn)urn:nbn:sk:snk:ar-a05ro5 
035 |a (uuid)ac74ab67-19c6-4acc-af10-90c8d1614153 
040 |a SNKBUCL  |b slo  |c SNKBUCL  |e AACR2 
041 0 |a slo 
044 |a xo  |c SK 
080 |a 576.89:616-022.9  |2 1981 
080 |a 616-022.9  |2 1981 
100 1 |a Matossian, R.  |4 aut  |9 1351561 
245 1 0 |a Hydatid cyst of the liver  |c R. Matossian 
300 |b Obr. 1. Res. rus., nem., slov., lit. 52 zázn. v angl. 
650 0 7 |a pečeň  |2 snkbucl  |9 16488 
650 0 7 |a echinokokóza larválna  |2 snkbucl  |9 1351562 
655 7 |a články z novín a časopisov  |2 snkbucl  |9 267496 
773 0 |t Helminthologia  |g Roč. 23, č. 4 (1986), s. 283-294 
850 |a Slovenská národná knižnica 
852 |a Slovenská národná knižnica 
954 |a odborná, vedecká literatúra pôvodná (slovenská)  |2 lita 
958 |a article27 
958 |a NB 
958 |a RK 
958 |a OND 
958 |a EUIPO 
992 |a RBX 
999 |c 2745343  |d 2747273